| 000 | 01088nam a2200265 i 4500 | ||
|---|---|---|---|
| 001 | bg | ||
| 100 | 1 | _aSZCZYRBA, Zdeněk | |
| 245 | 0 |
_aNákupni centra v České republice - nová forma zábavy a nákupni turistiky : _b(geneze a kontext) / _cZdenék Szczyrba. |
|
| 260 |
_aOpole : _bOficyna Wydawnicza Politechniki Opolskiej, _c2005. |
||
| 300 |
_a116 s. : _bfot., wykr. ; _c24 cm. |
||
| 490 | 1 |
_aStudia i Monografie / Politechnika Opolska, _x1429-6063 ; _vz. 175 |
|
| 500 | _aStreszcz. pol., ang. | ||
| 504 | _aBibliogr. | ||
| 650 | 9 |
_aCentra handlowe _xsocjologia _zCzechy |
|
| 650 | 9 |
_aKonsumenci (ekon.) _xsocjologia _zCzechosłowacja _y1989/1992 r. |
|
| 650 | 9 |
_aKonsumenci (ekon.) _xsocjologia _zCzechy _yod 1993 r. |
|
| 650 | 9 |
_aSpożycie _xsocjologia _zCzechosłowacja _y1989/1992 r. |
|
| 650 | 9 |
_aSpożycie _xsocjologia _zCzechy _yod 1993 r. |
|
| 830 | 0 |
_aStudia i Monografie (Politechnika Opolska) ; _vz. 175 |
|
| 040 | _cBPK | ||
| 041 | 0 |
_acze _bpoleng |
|
| 080 | _a316.728:316.334.2:330.567.2:366.1](437)"1989/..." | ||
| 942 | _cKS | ||
| 008 | s pl f |000 0 pol | ||
| 999 |
_c53203 _d53203 |
||
| 856 |
_uhttp://koha.tu.koszalin.pl/cgi-bin/koha/opac-detail.pl?biblionumber=53203 _yKatalog online BPK |
||